[Event "ROM-ch U08"]
[Site "Baile Felix"]
[Date "2017.02.03"]
[Round "2"]
[White "Stirbu, Alexandru Matei Gab"]
[Black "Mocanu, Mihnea Tudor"]
[Result "1-0"]
[WhiteElo "1001"]
[BlackElo "1108"]
[PlyCount "78"]
[EventDate "2017.02.02"]
[EventType "swiss"]
[EventRounds "9"]
[EventCountry "ROU"]
[SourceTitle "CBM 176 Extra"]
[Source "ChessBase"]
[SourceDate "2017.03.02"]
[SourceVersion "1"]
[SourceVersionDate "2017.03.02"]
[SourceQuality "1"]

1. Nf3 e6 2. g3 d5 3. Bg2 c5 4. 0-0 Nc6 5. Re1 Nf6 6. d3 Bd6 7. Nbd2 0-0 8. e4 dxe4 9. dxe4 e5 10. Nc4 Qd7 11. Nxd6 Qd8 12. Bg5 h6 13. Bxf6 Qxf6 14. Nxc8 Raxc8 15. Bh3 Rcd8 16. Bd7 b5 17. a4 a6 18. axb5 axb5 19. Qe2 Rxd7 20. Qxb5 Rfd8 21. Nh4 g5 22. Nf5 Nd4 23. Nxd4 cxd4 24. Red1 Qf3 25. c3 Rd6 26. Rd3 Qf6 27. Kg2 dxc3 28. Rf3 Qe7 29. bxc3 g4 30. Rf5 Rd1 31. Rxd1 Rxd1 32. Qb8+ Kg7 33. c4 Qa3 34. Qxe5+ Kg8 35. Qe8+ Qf8 36. Re5 Rd8 37. Qb5 Rd1 38. Re8 Rd8 39. Rxf8+ Rxf8 1-0